LDR 00762naa#a2200181#i#450# 001 EN\\bibl\126825 005 20260702002926.4 011 ## _a1815-588X 100 ## _a20260630b2026####ek#y0engy0150####ca 102 ## _aRU 200 1# _aSelection of the Optimal Value of Cylindrical Elements in Tower Structures _eJournal article 210 1# _aSaint-Petersburg _cFSBEI HE "Emperor Alexander I St. Petersburg State Transport University" _d2026 215 ## _a9 с. 608 ## _aJournal article _2local 675 ## _aПространственные решетчатые конструкции. Пространственные стержневые конструкции. 624.074.5 _z 700 #1 _aVeremeev _gDmitriy Valer'evich 700 #1 _aPegin _gPavel Anatol'evich 856 4# _aatjournal.ru _u